Tilastot visalle Tunnista kaupunki kuvasta

Klikkaa tästä pelataksesi tätä visaa!

Yleistilastot

  • Tätä visaa on pelattu 81 kertaa
  • Keskiarvotulos 7 / 12

Vastaustilastot

Vastaus% Oikein
Helsinki
99%
Turku
92%
Porvoo
88%
Tampere
83%
Rauma
79%
Rovaniemi
68%
Lahti
64%
Kouvola
57%
Lappeenranta
48%
Mikkeli
33%
Tornio
19%
Kokkola
13%

Tulosjakauma

Persentiili vastausten määrän mukaan

Jokaisen tuloksen saaneiden osuus

Tuloshistoriasi

Et ole pelannut tätä visaa